| 000 | 00419 a2200121 4500 | ||
|---|---|---|---|
| 999 |
_c30083 _d30083 |
||
| 003 | NUST | ||
| 005 | 20180118121243.0 | ||
| 008 | 180118b xxu||||| |||| 00| 0 eng d | ||
| 020 | _a- | ||
| 082 | _a297.071 BUK | ||
| 100 |
_aBukhari, A. S. _98683 |
||
| 245 |
_aIslamic Education, BA BSc B Com BBA MBA, Engineering, MBBS PCS and CSS _cA. S. Bukhari, M. D. Zafar, Dr. M. Yahya, Prof. Abdul Sattar Shakir, Hafiz Aitbar Khan, Z. S. Bukhari |
||
| 250 | _a2009 | ||
| 260 |
_aLahore _cAziz Book Depot |
||
| 942 |
_aSNS _cBK _k297.071 BUK _2ddc |
||